000 00670nam a2200229 4500
003 MX-MxINE
005 20260601193905.0
008 260509b2014 mx ||||| |||| 00| 0 spa d
040 _aICI
_bspa
_cICI
_erda
050 _aTS155 G85 2014
100 _eautor
245 _aGuía oficial #Procesosamd
300 _a128 paginas:
_bilustraciones
336 _2rdacontent
_atexto
337 _2rdamedia
_asin medio
338 _2rdacarrier
_avolumen
500 _aManual y guía informativa sobre procesos y metodologías AMD
650 _aAdministración de procesos
_934375
650 _aGestión de proyectos
650 _aProcesos industriales
942 _2lcc
_n0
_cB
999 _c22362
_d22362